000 00637nam a22001817a 4500
003 UA-OsUOA
001 16373
007 ta
008 20040104b un ||||| |||| 00| 0 ukr d
100 _aПогонська В.
942 _cSA
040 _aUA-OsUOA
_cUA-OsUOA
_dUA-OsUOA
245 _a"Рум'янець" прийде в кожний дім: [У Рівному розпочав роботу ще один хлібозавод - "Рум'янець"]
300 _aС.5
955 _a0
773 0 _w0
_tСім днів
_dРівне
_d2003
_g№42/ 17 жовт./
650 7 _aКраєзнавча робота
_2UDC
999 _c302538
_d302538